00823nam a2200265Ia 4500003000400000005001700004008004100021020001800062050001600080050001800096100001900114245004100133245001700174245001900191260001700210260002100227260000900248300001600257300001100273650005500284650005600339942001200395999001900407952013100426SMC20170201103231.0160418s9999 xx 000 0 und d a971-725-083-1 aFIL PL 6051 b.U45 2003 c.1 aUlit, Perla G. aSining ng komunikasyon sa kolehiyo : bFilipino I / cPerla G. Ulit. aMakati City: bGrandwater Pub., c2003 a360 pages : c21 cm. aFilipino language -- Study and teaching (Higher).  xCommunication -- Study and teaching -- Philippines. 2lcccBK c293447d293447 00102lcc40aSMCbSMCcFILd2005-03-07eLibrary Fundg198.00l0oFIL PL 6051 .U45 2003 c.1pSMC00351r2016-04-18 00:00:00yBK